| 000 | 00366nam a22001577a 4500 | ||
|---|---|---|---|
| 020 | _a9788126475810 | ||
| 082 |
_aM301 _bIND/P |
||
| 100 | _aIndu Menon | ||
| 245 |
_aPazharasathottam/ _cby Indu Menon |
||
| 260 |
_aKottayam: _bDC, _c2017. |
||
| 300 | _a184p. | ||
| 650 | _aStories Malayalam | ||
| 650 | _aLiterature Malayalam | ||
| 650 | _aLiterature | ||
| 942 | _cBK | ||
| 999 |
_c68965 _d68965 |
||